ផ្លែឈើ : (Record no. 8312)
[ view plain ]
| 000 -LEADER | |
|---|---|
| fixed length control field | 01374nam a22002537a 4500 |
| 001 - CONTROL NUMBER | |
| control field | 8312 |
| 003 - CONTROL NUMBER IDENTIFIER | |
| control field | FISKH |
| 005 - DATE AND TIME OF LATEST TRANSACTION | |
| control field | 20250909082752.0 |
| 008 - FIXED-LENGTH DATA ELEMENTS--GENERAL INFORMATION | |
| fixed length control field | 250909b cb ||||| |||| 00| 0 eng d |
| 020 ## - INTERNATIONAL STANDARD BOOK NUMBER | |
| International Standard Book Number | 9789996388064 |
| 040 ## - CATALOGING SOURCE | |
| Original cataloging agency | FISKH |
| Language of cataloging | khr |
| Transcribing agency | FISKH |
| Modifying agency | FISKH |
| 050 ## - LIBRARY OF CONGRESS CALL NUMBER | |
| Classification number | PZ7 |
| 082 ## - DEWEY DECIMAL CLASSIFICATION NUMBER | |
| Classification number | 495.916 |
| 100 ## - MAIN ENTRY--PERSONAL NAME | |
| Personal name | Anonymous |
| 245 ## - TITLE STATEMENT | |
| Title | ផ្លែឈើ : |
| Remainder of title | Fruit / |
| 260 ## - PUBLICATION, DISTRIBUTION, ETC. | |
| Place of publication, distribution, etc. | Phnom Penh : |
| Name of publisher, distributor, etc. | Wisdom Books, |
| Date of publication, distribution, etc. | 2020. |
| 300 ## - PHYSICAL DESCRIPTION | |
| Extent | 16 unnumbered pages : |
| Other physical details | color illustrations ; |
| Dimensions | 30 cm |
| 520 ## - SUMMARY, ETC. | |
| Summary, etc. | សៀវភៅផាត់ពណ៍ផ្លែឈើនេះចង់បង្រៀនប្អូនៗ កុមារទាំងអស់ឲ្យស្គាល់ពណ៍ និងរៀនសរសេរពាក្យខ្លីៗជាភាសាខ្មែរនិងអង់គ្លេស ហើយជាពិសេសឲ្យប្អូនៗកុមារអាចសប្បាយរីករាយ ជាមួយការផាត់ពណ៍រូបភាពស្រស់ស្អាត។ |
| 520 ## - SUMMARY, ETC. | |
| Summary, etc. | This coloring book will help young children identify colors and learn to write short and simple words in both khmer and English. In addition, it gives so much fun as they color these beatiful pictures. |
| 650 ## - SUBJECT ADDED ENTRY--TOPICAL TERM | |
| Topical term or geographic name entry element | Coloring |
| 650 ## - SUBJECT ADDED ENTRY--TOPICAL TERM | |
| Topical term or geographic name entry element | សៀវភៅផាត់ពណ៍ |
| 942 ## - ADDED ENTRY ELEMENTS (KOHA) | |
| Source of classification or shelving scheme | Dewey Decimal Classification |
| Koha item type | Khmer Books |
| Suppress in OPAC | No |
| Withdrawn status | Lost status | Source of classification or shelving scheme | Damaged status | Not for loan | Collection | Home library | Current library | Shelving location | Date acquired | Total Checkouts | Full call number | Barcode | Date last seen | Copy number | Price effective from | Koha item type | Date last checked out |
|---|---|---|---|---|---|---|---|---|---|---|---|---|---|---|---|---|---|
| Dewey Decimal Classification | Khmer-English Bilingual / ភាសាខ្មែរ-អង់គ្លេស | Footprints International School Library Network Toul Kork Campus | Footprints International School Library Network Toul Kork Campus | TK Old Khmer Books (Rear Hallway Shelf 3) | 09/09/2025 | ANO 495.916 | FISTK04135 | 09/09/2025 | 1 | 09/09/2025 | Khmer Books | ||||||
| Dewey Decimal Classification | Khmer-English Bilingual / ភាសាខ្មែរ-អង់គ្លេស | Footprints International School Library Network Toul Kork Campus | Footprints International School Library Network Toul Kork Campus | TK Old Khmer Books (Rear Hallway Shelf 3) | 09/09/2025 | 1 | ANO 495.916 | FISTK04136 | 01/13/2026 | 2 | 09/09/2025 | Khmer Books | 01/13/2026 | ||||
| Dewey Decimal Classification | Khmer-English Bilingual / ភាសាខ្មែរ-អង់គ្លេស | Footprints International School Library Network Toul Kork Campus | Footprints International School Library Network Toul Kork Campus | TK Old Khmer Books (Rear Hallway Shelf 3) | 09/09/2025 | ANO 495.916 | FISTK04134 | 09/09/2025 | 3 | 09/09/2025 | Khmer Books |
